000
00232nam a22000977a 4500
082
_a
358.3 ELE'C
245
_a
THE ELECTRONIC WARFARE MARKET IN THE US
260
_a
NEWYORK
_b
FROST & SULLIVAN
_c
1980
300
_a
VOL-1&2
942
_c
BK
999
_c
580721
_d
580721